[Event "SZCZYRK OPEN - TURNIEJ Z OKAZJI SWIETA NIEPODLEGLOSCI - BLITZ 3'+2'' "]
[Site "Szczyrk"]
[Date "2018-11-11"]
[Round "7.30"]
[White "Buchta, Agnieszka"]
[Black "Karut, Kacper"]
[Result "1-0"]
[WhiteTitle ""]
[BlackTitle ""]
[WhiteElo "1586"]
[BlackElo "1238"]

1. e4 c5 2. Nc3 g6 3. f4 Bg7 4. Nf3 e6 5. d3 Ne7 6. g3 O-O 7. Bg2 Nbc6 8. O-O b6
9. e5 d6 10. exd6 Qxd6 11. Ne5 Bxe5 12. fxe5 Qxe5 13. Bf4 Qd4+ 14. Kh1 e5 15.
Bg5 Rb8 16. Bf6 Bd7 17. Qd2 Nf5 18. Rxf5 gxf5 19. Qg5# Kh8 1-0

[Event "SZCZYRK OPEN - TURNIEJ Z OKAZJI SWIETA NIEPODLEGLOSCI - BLITZ 3'+2'' "]
[Site "Szczyrk"]
[Date "2018-11-11"]
[Round "7.31"]
[White "Labedz, Dawid"]
[Black "Zielinski, Marcin"]
[Result "1/2-1/2"]
[WhiteTitle ""]
[BlackTitle ""]
[WhiteElo "1395"]
[BlackElo "1576"]

1. e4 c6 2. d4 d5 3. exd5 cxd5 4. Bd3 Nf6 5. Bf4 Nc6 6. c3 Bg4 7. Be2 Bxe2 8. Qxe2
e6 9. Nf3 Bd6 10. Be5 O-O 11. O-O Bxe5 12. Nxe5 Qc7 13. f4 Ne4 14. Nd2 Nxd2 15.
Qxd2 f6 16. Nxc6 Qxc6 17. Rae1 Rae8 18. Re3 Qd6 19. Qe2 Re7 20. Rff3 Rfe8 21.
Kf2 e5 22. fxe5 fxe5 23. dxe5 Rxe5 24. Rxe5 Rxe5 25. Qb5 Qe7 26. a4 Qh4+ 27. Kg1
Re1+ 28. Rf1 Qe7 29. Qxd5+ Kh8 30. Qf3 Qc5+ 31. Qf2 Rxf1+ 32. Kxf1 Qc4+ 33. Qe2
Qf4+ 34. Qf2 Qc4+ 35. Kg1 h6 36. h3 a6 37. Qf8+ Kh7 38. Qf5+ Kh8 39. Kh2 Qc7+
40. Kg1 Qe7 41. Qc8+ Kh7 42. Qf5+ Kg8 43. Qc8+ Kh7 44. Qf5+ Kh8 45. Qc8+ Kh7 46.
Qf5+ Kh8 1/2-1/2

[Event "SZCZYRK OPEN - TURNIEJ Z OKAZJI SWIETA NIEPODLEGLOSCI - BLITZ 3'+2'' "]
[Site "Szczyrk"]
[Date "2018-11-11"]
[Round "7.32"]
[White "Retz, Adrian "]
[Black "Kaznowska, Weronika"]
[Result "1-0"]
[WhiteTitle ""]
[BlackTitle ""]
[WhiteElo "1547"]
[BlackElo "1199"]

1. e4 e5 2. Nf3 Nc6 3. c3 Nf6 4. d4 exd4 5. Nxd4 Bc5 6. Nxc6 bxc6 7. e5 Nd5 8.
Qg4 g6 9. Bh6 d6 10. Qf3 Qe7 11. Be2 a5 12. O-O Bb7 13. exd6 cxd6 14. Bd3 O-O-O
15. Qg4+ Kb8 16. Nd2 Rhe8 17. Nb3 Bb6 18. Qa4 Qc7 19. Rfe1 Rxe1+ 20. Rxe1 Rd7
21. Re8+ Rd8 22. Re1 Rd7 23. Nd4 Re7 24. Bd2 Rxe1+ 25. Bxe1 Qd7 26. c4 Nf6 27.
Bxa5 Bxa5 28. Qxa5 c5 29. Nb5 Qe7 30. Qa7+ Kc8 31. Qb6 Qd8 32. Na7+ Kd7 33. Qxb7+
Qc7 34. Qb5+ Ke6 35. Nc6 1-0

[Event "SZCZYRK OPEN - TURNIEJ Z OKAZJI SWIETA NIEPODLEGLOSCI - BLITZ 3'+2'' "]
[Site "Szczyrk"]
[Date "2018-11-11"]
[Round "7.33"]
[White "Zabrzanska, Weronika "]
[Black "Derylo, Kamil"]
[Result "1-0"]
[WhiteTitle ""]
[BlackTitle ""]
[WhiteElo "1344"]
[BlackElo "1536"]

1. e4 c5 2. c3 e5 3. Nf3 Nc6 4. d4 cxd4 5. cxd4 exd4 6. Nxd4 Bc5 7. Nxc6 bxc6 8.
Nc3 Nf6 9. Bd3 O-O 10. O-O d6 11. Bg5 h6 12. Bh4 Rb8 13. Qc2 Bd4 14. a3 a5 15.
Rab1 Be6 16. Ne2 Bc5 17. Bc4 Bxc4 18. Qxc4 Re8 19. Nc3 Qe7 20. Qd3 Red8 21. Rfe1
Qe5 22. Bg3 Qe6 23. Qf3 Nd7 24. Na4 Bd4 25. Nc3 Be5 26. Bf4 Bxf4 27. Qxf4 Ne5
28. Qe3 Qc4 29. f3 Rb3 30. Qd2 Rb7 31. Rec1 Qa6 32. Ne2 Rbd7 33. Nd4 c5 34. Nb3
Qb6 35. Nxa5 c4+ 36. Kh1 Rc8 37. b4 cxb3 38. Rxc8+ Kh7 39. Nxb3 Nc4 40. Rxc4 Ra7
41. Rc2 Rb7 42. Rcb2 Qa6 43. Qa5 Qc6 44. Qd2 Qa6 45. Nd4 Rxb2 46. Qxb2 Qd3 47.
Nb5 d5 48. exd5 Qxd5 49. Qc2+ g6 50. Nc3 Qe5 51. h3 Qg3 52. a4 Qb8 53. Rxb8 1-0

[Event "SZCZYRK OPEN - TURNIEJ Z OKAZJI SWIETA NIEPODLEGLOSCI - BLITZ 3'+2'' "]
[Site "Szczyrk"]
[Date "2018-11-11"]
[Round "7.35"]
[White "Drozdzal, Michal "]
[Black "Seredyn, Dominik "]
[Result "0-1"]
[WhiteTitle ""]
[BlackTitle ""]
[WhiteElo "1375"]
[BlackElo "1528"]

1. e4 c6 2. c4 d5 3. cxd5 cxd5 4. exd5 Nf6 5. Qa4+ Qd7 6. Qxd7+ Nbxd7 7. Nc3 Nb6
8. Nf3 Nfxd5 9. Bb5+ Bd7 10. Nxd5 Nxd5 11. Bxd7+ Kxd7 12. O-O f6 13. d4 e6 14.
Bd2 Bd6 15. Rac1 Rac8 16. a3 Nf4 17. Bxf4 Bxf4 18. Rxc8 Rxc8 19. Rd1 Rc2 20. g3
Bd6 21. b4 Rc3 22. Nd2 Rxa3 23. Nc4 Rb3 24. Nxd6 Kxd6 25. Rc1 Rxb4 26. Rc8 Rxd4
27. Rg8 g5 28. Rg7 Rb4 29. Rxh7 a5 30. h4 gxh4 31. gxh4 a4 32. Rh8 Kc5 33. h5
Rh4 34. h6 Kb4 35. Rh7 b5 36. Rh8 a3 37. Kg2 a2 38. Ra8 Kb3 39. Kg3 Rxh6 40. Ra5
b4 41. Ra6 Kb2 42. Rb6 b3 43. Ra6 a1=Q 44. Rxe6 Qg1+ 45. Kf3 Rh3+ 46. Ke2 Qg4+
47. Kf1 Qxe6 48. Kg2 Qg4+ 49. Kf1 Rh1# 0-1

[Event "SZCZYRK OPEN - TURNIEJ Z OKAZJI SWIETA NIEPODLEGLOSCI - BLITZ 3'+2'' "]
[Site "Szczyrk"]
[Date "2018-11-11"]
[Round "7.36"]
[White "Werner, Kacper "]
[Black "Majdecki, Robert "]
[Result "1-0"]
[WhiteTitle ""]
[BlackTitle ""]
[WhiteElo "1240"]
[BlackElo "1508"]

1. e4 e5 2. Nf3 Nc6 3. Bb5 a6 4. Ba4 Nf6 5. O-O Be7 6. c3 b5 7. Bc2 d6 8. h3 O-O
9. Re1 Bb7 10. d4 exd4 11. Nxd4 Ne5 12. Nf5 Re8 13. Nxe7+ Rxe7 14. Bg5 h6 15.
Bh4 Ng6 16. Bg3 Nd7 17. Nd2 Nde5 18. f4 Nd7 19. Qg4 Nc5 20. f5 Ne5 21. Bxe5 dxe5
22. f6 g6 23. fxe7 Qxe7 24. Nb3 Na4 25. Rab1 Rd8 26. Qe2 Nb6 27. Nd2 Qg5 28. Nf3
Qe7 29. Kh1 g5 30. Rbd1 Nc4 31. b3 Nd6 32. Rd2 Qf6 33. Red1 Kg7 34. c4 bxc4 35.
bxc4 Re8 36. Qf1 Qe6 37. Bd3 1-0

[Event "SZCZYRK OPEN - TURNIEJ Z OKAZJI SWIETA NIEPODLEGLOSCI - BLITZ 3'+2'' "]
[Site "Szczyrk"]
[Date "2018-11-11"]
[Round "7.37"]
[White "Kindler, Karolina"]
[Black "Zmuda, Piotr "]
[Result "1-0"]
[WhiteTitle ""]
[BlackTitle ""]
[WhiteElo "1504"]
[BlackElo "1250"]

1. d4 d5 2. c4 e5 3. dxe5 d4 4. Nf3 Nc6 5. Bg5 Bb4+ 6. Nbd2 f6 7. exf6 Nxf6 8.
a3 Be7 9. b4 O-O 10. Nb3 Ne4 11. Bxe7 Qxe7 12. Nbxd4 Bg4 13. Qb3 Nxd4 14. Nxd4
Nxf2 15. Rg1 Rad8 16. e3 Rxd4 17. Be2 Bxe2 18. Kxe2 Ne4 19. exd4 Rf2+ 20. Kd1
Qg5 21. Ra2 Qg4+ 22. Kc1 Rxa2 23. Qxa2 Qf4+ 24. Kb1 Qe3 25. Rc1 Nd2+ 26. Ka1 Qd3
27. Qc2 Qxa3+ 28. Qa2 Qe3 29. Rd1 Qxd4+ 30. Qb2 Nb3+ 31. Ka2 Qxb2+ 32. Kxb2 1-0

[Event "SZCZYRK OPEN - TURNIEJ Z OKAZJI SWIETA NIEPODLEGLOSCI - BLITZ 3'+2'' "]
[Site "Szczyrk"]
[Date "2018-11-11"]
[Round "7.40"]
[White "Bochenek, Kacper "]
[Black "Kubaszewski, Piotr "]
[Result "1-0"]
[WhiteTitle ""]
[BlackTitle ""]
[WhiteElo "1463"]
[BlackElo "1278"]

1. e4 c5 2. Nf3 d6 3. d4 cxd4 4. Nxd4 Nf6 5. Nc3 g6 6. Be3 Bg7 7. Be2 a6 8. a3
Bd7 9. O-O O-O 10. Qd2 Nc6 11. Nxc6 Bxc6 12. Bh6 Nxe4 13. Nxe4 Bxe4 14. Bxg7 Kxg7
15. Qd4+ e5 16. Qxe4 f5 17. Qd5 Qe7 18. Rad1 Rfd8 19. Bc4 Rac8 20. Bb3 Rc5 21.
Qd2 b5 22. Rfe1 e4 23. Qd4+ Qe5 24. Qxe5+ Rxe5 25. f3 e3 26. Re2 f4 27. Rd4 g5
28. Bd5 Kf6 29. Be4 d5 30. Bxh7 Rd7 31. Bd3 Rc7 32. Rb4 Ke6 33. a4 Rc5 34. axb5
axb5 35. Rxb5 Rxb5 36. Bxb5 d4 37. Bd3 Kd5 38. Kf1 Kc6 39. Re1 Rc5 40. Ke2 Kd5
41. Ra1 Ke6 42. Ra8 Ke5 43. Rg8 Kd6 44. Rg6+ Ke7 45. g3 fxg3 46. hxg3 Rd5 47.
f4 gxf4 48. gxf4 Rh5 49. Rg2 Kf6 50. c3 Ra5 51. cxd4 Ra2 52. Kxe3 Ra4 53. Ke4
Ke6 54. Rg6+ Kf7 55. Rb6 Ra7 56. d5 Re7+ 57. Re6 Rxe6+ 58. dxe6+ Kxe6 59. b4 Kd6
60. f5 Ke7 61. Ke5 Ke8 62. b5 Kd8 63. f6 Kc7 64. f7 Kb6 65. f8=Q Ka5 66. Qa3+
Kb6 67. Qa6+ Kc5 68. Qc6+ Kb4 69. Kd4 Ka5 70. b6 Kb4 71. Qb5+ Ka3 72. Bc2 Ka2
73. Qb3+ Ka1 74. Qb1# 1-0

[Event "SZCZYRK OPEN - TURNIEJ Z OKAZJI SWIETA NIEPODLEGLOSCI - BLITZ 3'+2'' "]
[Site "Szczyrk"]
[Date "2018-11-11"]
[Round "7.41"]
[White "Polak, Sylwia"]
[Black "Borsuk, Aleksandra "]
[Result "1-0"]
[WhiteTitle ""]
[BlackTitle ""]
[WhiteElo "1432"]
[BlackElo "1221"]

1. d4 d5 2. c4 e6 3. Nc3 Bb4 4. Nf3 Nf6 5. e3 Ne4 6. Bd2 Nxc3 7. Bxc3 Bxc3+ 8.
bxc3 c6 9. Bd3 Qa5 10. Qc2 h6 11. O-O dxc4 12. Bxc4 b5 13. Be2 O-O 14. Ne5 Bd7
15. Bf3 Qb6 16. Rfb1 f6 17. Nd3 Qc7 18. Nc5 a5 19. Rxb5 cxb5 20. Bxa8 Bc8 21.
Qb3 Qb6 22. Bf3 Re8 23. a4 1-0

[Event "SZCZYRK OPEN - TURNIEJ Z OKAZJI SWIETA NIEPODLEGLOSCI - BLITZ 3'+2'' "]
[Site "Szczyrk"]
[Date "2018-11-11"]
[Round "7.42"]
[White "Reszka, Zofia"]
[Black "Hampel, Anna "]
[Result "0-1"]
[WhiteTitle ""]
[BlackTitle ""]
[WhiteElo "1219"]
[BlackElo "1426"]

1. e4 c5 2. Nf3 e6 3. d4 cxd4 4. Nxd4 Nc6 5. Nc3 Qc7 6. Be3 a6 7. Bd3 Bb4 8. Qd2
Nf6 9. a3 Ba5 10. O-O d5 11. exd5 Nxd5 12. Kh1 Bxc3 13. bxc3 O-O 14. Be2 Nce7
15. f4 Nxc3 16. Bd3 Ncd5 17. Qf2 Nxe3 18. Qxe3 Nd5 19. Qh3 h6 20. f5 e5 21. f6
Bxh3 22. fxg7 Rfe8 23. gxh3 exd4 24. Rf5 Ne3 25. Rf2 Qc6+ 26. Kg1 Re5 27. Be2
Rg5+ 28. Bg4 Nxg4 29. hxg4 Rxg4+ 30. Kf1 Qh1+ 31. Ke2 Re8+ 32. Kd2 Qxa1 33. Re2
Qc3+ 34. Kd1 Rg1+ 35. Re1 Rexe1# 0-1

[Event "SZCZYRK OPEN - TURNIEJ Z OKAZJI SWIETA NIEPODLEGLOSCI - BLITZ 3'+2'' "]
[Site "Szczyrk"]
[Date "2018-11-11"]
[Round "7.43"]
[White "Karwot, Marek"]
[Black "Smolen, Sebastian"]
[Result "0-1"]
[WhiteTitle ""]
[BlackTitle ""]
[WhiteElo "1078"]
[BlackElo "1411"]

1. e4 e6 2. Nf3 d5 3. e5 c5 4. c3 Nc6 5. d4 Qb6 6. Be2 cxd4 7. cxd4 Nge7 8. Nc3
Nf5 9. Be3 Qxb2 10. Na4 Qb4+ 11. Bd2 Qe7 12. Bg5 Qc7 13. O-O Be7 14. Bxe7 Qxe7
15. Nc5 b6 16. Nb3 O-O 17. Rc1 Bb7 18. Qd2 Rac8 19. Rc2 Rc7 20. Rfc1 Rfc8 21.
h3 Nd8 22. Rxc7 Rxc7 23. Rc3 Qd7 24. Qc2 Rxc3 25. Qxc3 Qc6 26. Qxc6 Nxc6 27. Kf1
a5 28. Ke1 a4 29. Nc1 Ncxd4 30. Kd2 Nxf3+ 31. Bxf3 Kf8 32. Kd3 b5 33. Kc3 Ke7
34. Kb4 Bc6 35. Ne2 0-1

[Event "SZCZYRK OPEN - TURNIEJ Z OKAZJI SWIETA NIEPODLEGLOSCI - BLITZ 3'+2'' "]
[Site "Szczyrk"]
[Date "2018-11-11"]
[Round "7.44"]
[White "Malik, Maciej"]
[Black "Wilgosz, Jan "]
[Result "1/2-1/2"]
[WhiteTitle ""]
[BlackTitle ""]
[WhiteElo "1407"]
[BlackElo "1242"]

1. d4 Nf6 2. b3 e6 3. Bb2 c5 4. e3 b6 5. Nf3 Bb7 6. Bd3 Be7 7. Nbd2 d6 8. O-O O-O
9. Qe2 Nbd7 10. c4 Re8 11. Rfe1 Rc8 12. Rac1 h6 13. a3 Nh7 14. Bxh7+ Kxh7 15.
e4 e5 16. d5 Nf6 17. h3 Kg8 18. Nf1 Nh7 19. Ng3 Ng5 20. Nd2 Ra8 21. Nf5 Bc8 22.
Nxe7+ Qxe7 23. Nf3 a5 24. a4 Qf6 25. Nxg5 Qxg5 26. Qe3 Qxe3 27. Rxe3 f5 28. f3
f4 29. Re2 Rf8 30. Rd2 Rf6 31. Rcd1 Rg6 32. Kh2 Bd7 33. Rg1 Rf8 34. Rf1 Rg3 35.
Bc1 Rf6 36. Rff2 Rf8 1/2-1/2

[Event "SZCZYRK OPEN - TURNIEJ Z OKAZJI SWIETA NIEPODLEGLOSCI - BLITZ 3'+2'' "]
[Site "Szczyrk"]
[Date "2018-11-11"]
[Round "7.45"]
[White "Kucza, Kamil "]
[Black "Jaworski, Tymon"]
[Result "0-1"]
[WhiteTitle ""]
[BlackTitle ""]
[WhiteElo "1200"]
[BlackElo "1372"]

1. e4 c5 2. c4 e5 3. d3 Nc6 4. Nf3 d6 5. Be2 Bg4 6. h3 Bxf3 7. Bxf3 Nd4 8. Be3
Be7 9. Bxd4 cxd4 10. O-O Nf6 11. Nd2 Rc8 12. Bg4 Nxg4 13. Qxg4 Bf6 14. f4 h5 15.
Qg3 Qd7 16. fxe5 dxe5 17. b3 h4 18. Qf3 Ke7 19. Rac1 b6 20. Qf2 Qe6 21. Nf3 Rh6
22. Kh1 g5 23. Ng1 g4 24. hxg4 Qxg4 25. Qf3 Qxf3 26. Nxf3 h3 27. a3 Rg8 28. b4
hxg2+ 29. Kg1 Rh1+ 30. Kf2 gxf1=Q+ 31. Rxf1 Rxf1+ 32. Kxf1 Rg3 33. Kf2 Rxf3+ 34.
Kxf3 Ke6 35. Ke2 Be7 36. Kd2 a5 37. b5 Bxa3 38. Kc2 Bc5 39. Kb3 f5 40. exf5+ Kxf5
41. Kc2 e4 42. Kd2 exd3 43. Kxd3 Kf4 44. Ke2 Ke4 45. Kd2 Bb4+ 46. Kd1 Kd3 47.
c5 Bxc5 48. Kc1 Ke2 49. Kc2 d3+ 50. Kb2 d2 51. Ka2 d1=Q 52. Kb2 Bd4+ 53. Ka2 Qa4+
54. Kb1 Qb3+ 55. Kc1 Qb2# 0-1

[Event "SZCZYRK OPEN - TURNIEJ Z OKAZJI SWIETA NIEPODLEGLOSCI - BLITZ 3'+2'' "]
[Site "Szczyrk"]
[Date "2018-11-11"]
[Round "7.46"]
[White "Waszkowska, Sandra "]
[Black "Wydmanski, Robert"]
[Result "1-0"]
[WhiteTitle ""]
[BlackTitle ""]
[WhiteElo "1177"]
[BlackElo "1345"]

1. d4 Nf6 2. Nf3 g6 3. e3 Bg7 4. Nc3 d5 5. Bd2 O-O 6. Bd3 c5 7. dxc5 Nc6 8. Ne2
e5 9. Bb5 e4 10. Nfd4 Bd7 11. Rc1 Nxd4 12. Nxd4 Bxb5 13. Nxb5 a6 14. Nc3 Nd7 15.
Na4 Qc7 16. Bb4 Rfc8 17. Qxd5 Nf6 18. Qd1 b5 19. Nb6 Rd8 20. Qe2 Rab8 21. O-O
Nd5 22. Nxd5 Rxd5 23. Rcd1 Rbd8 24. Rxd5 Rxd5 25. Rd1 Rxd1+ 26. Qxd1 a5 27. Bc3
Bxc3 28. bxc3 Qxc5 29. Qd8+ Kg7 30. Qxa5 Qd5 31. g3 Qd1+ 1-0

[Event "SZCZYRK OPEN - TURNIEJ Z OKAZJI SWIETA NIEPODLEGLOSCI - BLITZ 3'+2'' "]
[Site "Szczyrk"]
[Date "2018-11-11"]
[Round "7.47"]
[White "Laszczuk, Zuzanna"]
[Black "Wydmanski, Szymon"]
[Result "1-0"]
[WhiteTitle ""]
[BlackTitle ""]
[WhiteElo "1332"]
[BlackElo "1165"]

1. e4 c5 2. d3 Nc6 3. g3 e6 4. Bg2 g6 5. f4 Bg7 6. Nf3 Nge7 7. O-O O-O 8. g4 d5
9. Nbd2 Qb6 10. Kh1 Nd4 11. c3 Nxf3 12. Qxf3 dxe4 13. dxe4 f5 14. e5 fxg4 15.
Qxg4 Nf5 16. Ne4 Bd7 17. h4 h5 18. Qg5 Be8 19. Nf6+ Rxf6 20. exf6 Bh6 21. Qxf5
exf5 22. Bd5+ Kf8 23. Re1 Rd8 24. Bb3 Qc6+ 25. Kh2 Bf7 26. Bxf7 Kxf7 27. Be3 Re8
28. Rad1 Qxf6 29. Rd7+ Kf8 30. Bxc5+ Re7 31. Bxe7+ Kg8 32. Bxf6 1-0

[Event "SZCZYRK OPEN - TURNIEJ Z OKAZJI SWIETA NIEPODLEGLOSCI - BLITZ 3'+2'' "]
[Site "Szczyrk"]
[Date "2018-11-11"]
[Round "7.49"]
[White "Rzasa, Dominik "]
[Black "Wolski, Michal "]
[Result "0-1"]
[WhiteTitle ""]
[BlackTitle ""]
[WhiteElo "1159"]
[BlackElo "1311"]

1. e4 c5 2. d4 cxd4 3. Nf3 Nc6 4. Nxd4 e5 5. Nxc6 bxc6 6. Nc3 Nf6 7. Bd3 d5 8.
exd5 cxd5 9. Bg5 d4 10. Bxf6 Qxf6 11. Ne4 Qd8 12. O-O Be7 13. Re1 O-O 14. c3 dxc3
15. Nxc3 Bf6 16. Be4 Qxd1 17. Raxd1 Rb8 18. b3 Be6 19. Bb1 Rbc8 20. Rc1 Bg5 21.
Rc2 Bf5 22. Ne4 Rxc2 23. Bxc2 Bd8 24. Bd3 Ba5 25. Rd1 Rd8 26. f3 Bxe4 27. fxe4
Bb6+ 28. Kf1 Rc8 29. Ke2 f6 30. h3 Kf7 31. Kd2 Ke7 32. Rc1 Be3+ 33. Kxe3 Rxc1
34. g4 Rh1 35. Kd2 Rxh3 36. Kc3 Rg3 37. a4 Rxg4 38. Kb4 h5 39. Ka5 h4 40. Ka6
h3 41. Kxa7 h2 42. Be2 h1=Q 43. Bxg4 Qg1+ 44. Ka6 Qxg4 45. b4 Qe6+ 46. Ka5 Kd7
47. b5 Qd6 48. b6 Qc5+ 49. Ka6 Kc6 50. a5 Qb5+ 51. Ka7 Qxa5+ 52. Kb8 Qxb6+ 53.
Ka8 Qb7# 0-1

[Event "SZCZYRK OPEN - TURNIEJ Z OKAZJI SWIETA NIEPODLEGLOSCI - BLITZ 3'+2'' "]
[Site "Szczyrk"]
[Date "2018-11-11"]
[Round "7.50"]
[White "Kazmierowski, Tymon"]
[Black "Kot, Ewelina "]
[Result "1-0"]
[WhiteTitle ""]
[BlackTitle ""]
[WhiteElo "1306"]
[BlackElo "1163"]

1. e4 e6 2. d4 d5 3. exd5 exd5 4. Nc3 Nf6 5. Bg5 h6 6. Bxf6 Qxf6 7. Nxd5 Qe6+ 8.
Ne3 Nc6 9. d5 Qd7 10. dxc6 Qxd1+ 11. Rxd1 bxc6 12. Nf3 Be6 13. Ne5 c5 14. Bc4
Bxc4 15. N3xc4 Rd8 16. Rxd8+ Kxd8 17. Nxf7+ 1-0

[Event "SZCZYRK OPEN - TURNIEJ Z OKAZJI SWIETA NIEPODLEGLOSCI - BLITZ 3'+2'' "]
[Site "Szczyrk"]
[Date "2018-11-11"]
[Round "7.51"]
[White "Guzik, Michal"]
[Black "Oklinski, Franciszek "]
[Result "1-0"]
[WhiteTitle ""]
[BlackTitle ""]
[WhiteElo "1304"]
[BlackElo "1098"]

1. e4 e5 2. Nf3 d5 3. exd5 e4 4. Bb5+ Bd7 5. Bxd7+ Qxd7 6. Qe2 Qxd5 7. Nc3 Qf5
8. Qxe4+ Qxe4+ 9. Nxe4 Nc6 10. O-O Be7 11. d4 Nf6 12. Nxf6+ Bxf6 13. Re1+ Be7
14. d5 Nb4 15. Nd4 Nxd5 16. Bg5 f6 17. Bd2 O-O 18. Rad1 Bc5 19. Ne6 Rae8 20. Nxc5
Rxe1+ 21. Rxe1 b6 22. Nd7 Rd8 23. Nxf6+ Nxf6 24. Bf4 c5 25. h3 h6 26. Re7 Rd7
27. Rxd7 Nxd7 28. Kh2 Nf6 29. Bb8 a6 30. Ba7 Nd7 31. c3 Kf7 32. b4 cxb4 33. cxb4
Ke6 34. a4 Kd6 35. a5 bxa5 36. bxa5 Kc6 37. Bd4 Kb5 38. Bxg7 Kxa5 39. Bxh6 Kb4
40. g4 a5 41. Bg7 Nc5 42. h4 a4 43. h5 a3 44. h6 a2 45. Ba1 1-0

[Event "SZCZYRK OPEN - TURNIEJ Z OKAZJI SWIETA NIEPODLEGLOSCI - BLITZ 3'+2'' "]
[Site "Szczyrk"]
[Date "2018-11-11"]
[Round "7.52"]
[White "Rylski, Tadeusz"]
[Black "Gromek, Pawel"]
[Result "0-1"]
[WhiteTitle ""]
[BlackTitle ""]
[WhiteElo "1098"]
[BlackElo "1300"]

1. d4 e6 2. c4 Nf6 3. Nc3 Bb4 4. Bg5 c5 5. d5 Bxc3+ 6. bxc3 d6 7. Nf3 e5 8. e3
O-O 9. Qc2 Nbd7 10. Bd3 h6 11. Bxf6 Nxf6 12. O-O Re8 13. Nd2 b6 14. Ne4 Nxe4 15.
Bxe4 Qg5 16. Bf3 Bg4 17. Bxg4 Qxg4 18. e4 Rf8 19. h3 Qg5 20. Qc1 Qxc1 21. Raxc1
f5 22. f3 fxe4 23. fxe4 Kh7 24. Rxf8 Rxf8 25. Rf1 Rxf1+ 26. Kxf1 Kg6 27. Kf2 Kg5
28. g3 Kf6 29. Kf3 Ke7 30. Kg4 g6 31. h4 Kf6 32. h5 g5 33. a3 a6 34. a4 a5 35.
Kf3 Ke7 36. Ke3 g4 37. Kf2 Kf6 38. Kg2 Kg5 39. Kh2 Kxh5 40. Kg2 Kg5 41. Kf2 h5
42. Kg2 h4 43. Kf2 hxg3+ 44. Kxg3 Kh5 45. Kg2 Kh4 46. Kh2 g3+ 47. Kg2 Kg4 48.
Kf1 Kf3 49. Kg1 g2 0-1

[Event "SZCZYRK OPEN - TURNIEJ Z OKAZJI SWIETA NIEPODLEGLOSCI - BLITZ 3'+2'' "]
[Site "Szczyrk"]
[Date "2018-11-11"]
[Round "7.53"]
[White "Plichta, Olga"]
[Black "Zablocka, Marta"]
[Result "0-1"]
[WhiteTitle ""]
[BlackTitle ""]
[WhiteElo "1300"]
[BlackElo "1153"]

1. e4 c5 2. Nc3 a6 3. f4 Nc6 4. Nf3 Nf6 5. d3 d6 6. g3 Bg4 7. Bg2 Nd4 8. h3 Bxf3
9. Bxf3 e6 10. Be3 Nxf3+ 11. Qxf3 d5 12. exd5 exd5 13. Qe2 Be7 14. Bxc5 Rc8 15.
Bxe7 Qxe7 16. Qxe7+ Kxe7 17. Kf2 d4 18. Ne4 Rxc2+ 19. Kf3 Rxb2 20. Nxf6 Kxf6 21.
Rhc1 Re8 22. Rd1 h5 23. Re1 Rxe1 24. Rxe1 Rxa2 25. Rb1 Rd2 26. Ke4 Rg2 27. Rb6+
Ke7 28. Rxb7+ Ke8 29. Kxd4 Rxg3 30. Rb8+ Ke7 31. Rb7+ Kf6 32. Rb6+ Kf5 33. Rxa6
Kxf4 34. Ra7 f6 35. Re7 Kf5 36. Rc7 Kg6 37. Ke4 Rxh3 38. d4 f5+ 39. Kf4 Rh4+ 40.
Ke5 Re4+ 41. Kd5 h4 42. Rc3 Kg5 43. Rc7 g6 44. Kc4 h3 45. Kd3 h2 46. Rc1 Rg4 47.
Rh1 Rh4 48. d5 Kf6 49. Ke3 Ke5 50. Kf3 Kxd5 51. Kg3 Rg4+ 52. Kf3 Kd4 53. Rxh2
Ke5 54. Re2+ Re4 55. Rg2 Kf6 56. Rd2 Kg5 57. Rd5 Rf4+ 58. Ke3 Kg4 59. Rd2 Rf3+
60. Kd4 f4 61. Rg2+ Rg3 62. Rf2 g5 63. Ke4 Re3+ 64. Kd4 Kg3 65. Rf1 Rf3 66. Rg1+
Kh4 67. Ke4 Rg3 68. Rh1+ Kg4 69. Rf1 Kh3 70. Rh1+ Kg2 71. Rd1 f3 72. Rd2+ f2 73.
Rc2 Kg1 74. Rc1+ 0-1

[Event "SZCZYRK OPEN - TURNIEJ Z OKAZJI SWIETA NIEPODLEGLOSCI - BLITZ 3'+2'' "]
[Site "Szczyrk"]
[Date "2018-11-11"]
[Round "7.54"]
[White "Duda, Leon "]
[Black "Sulkowski, Dawid "]
[Result "1-0"]
[WhiteTitle ""]
[BlackTitle ""]
[WhiteElo "1142"]
[BlackElo "1295"]

1. e4 e5 2. Nf3 Nc6 3. Nc3 Nf6 4. d4 exd4 5. Nxd4 Bb4 6. Nxc6 bxc6 7. Bd3 O-O 8.
O-O d5 9. exd5 cxd5 10. h3 c6 11. Qf3 Re8 12. Bf4 Bd6 13. Rfe1 Be6 14. Re2 Qc7
15. Bxd6 Qxd6 16. Rae1 h6 17. Bf5 Bxf5 18. Rxe8+ Rxe8 19. Rxe8+ Nxe8 20. Qxf5
Qe6 21. Qf4 Nd6 22. Kf1 g5 23. Qg3 f6 24. h4 Kf7 25. hxg5 hxg5 26. b3 d4 27. Ne2
c5 28. Qf3 Ne4 29. Kg1 Kg6 30. g4 Nd2 31. Qd3+ Ne4 32. Ng3 Qxg4 33. Qxe4+ f5 34.
Qe6+ Kg7 35. Qxf5 Qd1+ 36. Kg2 Qd2 37. Qxc5 a6 38. Nf5+ Kf6 39. Qxd4+ Qxd4 40.
Nxd4 Ke5 41. Nc6+ Kd6 42. Nb4 a5 43. Nd3 Kd5 44. c4+ Kd4 45. Ne1 a4 46. Nf3+ Kc5
47. Nxg5 axb3 48. axb3 Kb4 49. f4 Kxb3 50. c5 Kb2 51. c6 1-0

[Event "SZCZYRK OPEN - TURNIEJ Z OKAZJI SWIETA NIEPODLEGLOSCI - BLITZ 3'+2'' "]
[Site "Szczyrk"]
[Date "2018-11-11"]
[Round "7.55"]
[White "Grzadka, Artur "]
[Black "Jagodzinski, Jaromir "]
[Result "1-0"]
[WhiteTitle ""]
[BlackTitle ""]
[WhiteElo "1287"]
[BlackElo "1141"]

1. d4 d5 2. c4 e6 3. Nc3 Nf6 4. cxd5 exd5 5. Bg5 Nbd7 6. Nf3 Be7 7. e3 O-O 8. Bd3
h6 9. Bh4 b6 10. Qc2 Bb7 11. O-O c5 12. Bg3 c4 13. Bf5 g6 14. Bxd7 Qxd7 15. Ne5
Qe6 16. Nb5 Bd6 17. Nxg6 Bxg3 18. hxg3 fxg6 19. Qxg6+ Kh8 20. Qxh6+ Kg8 21. Nc7
Rf7 22. Nxe6 Rh7 23. Qxf6 Bc8 24. Ng5 Rh8 25. Qf7# 1-0

[Event "SZCZYRK OPEN - TURNIEJ Z OKAZJI SWIETA NIEPODLEGLOSCI - BLITZ 3'+2'' "]
[Site "Szczyrk"]
[Date "2018-11-11"]
[Round "7.56"]
[White "Jozefczyk, Szymon"]
[Black "Rydzewski, Marceli "]
[Result "1-0"]
[WhiteTitle ""]
[BlackTitle ""]
[WhiteElo "1274"]
[BlackElo "1146"]

1. d4 d6 2. e4 g6 3. Nc3 Bg7 4. f4 Nc6 5. Nf3 e5 6. dxe5 dxe5 7. Qxd8+ Kxd8 8.
Bc4 Ke7 9. Nd5+ Kd6 10. b3 Bg4 11. Ba3+ Kd7 12. Ng5 Nh6 13. h3 Be6 14. Rd1 Bxd5
15. Rxd5+ Ke8 16. fxe5 Bxe5 17. O-O f5 18. exf5 Nxf5 19. Re1 Nd6 20. Rexe5+ Nxe5
21. Rxe5+ Kd7 22. Be6+ Kc6 23. Rc5+ Kb6 24. c4 a5 25. Rd5 Ka6 26. Bxd6 cxd6 27.
Rxd6+ b6 28. Bd5 Rad8 29. Rxd8 Rxd8 30. Kf2 Rf8+ 31. Ke3 h6 32. Nf7 h5 33. Kf4
b5 34. Kg5 bxc4 35. Bxc4+ Kb6 36. Kxg6 Rg8+ 37. Kxh5 Rxg2 38. a4 Rg3 39. h4 Kc5
40. Ng5 Re3 41. Kg6 Kd6 42. h5 Ke7 43. h6 Re1 44. h7 Rh1 45. Bd5 Rh2 46. Nf3 Rg2+
47. Kf5 Rg5+ 48. Nxg5 Kd6 49. Bc4 Kc5 50. h8=Q Kb4 51. Qf8+ Kc3 52. Ne4+ Kb2 53.
Qf6+ Kc2 54. Qc3+ Kb1 55. Bd3+ Ka2 56. Nd2 Ka3 57. Nc4+ Ka2 58. Qb2# 1-0

[Event "SZCZYRK OPEN - TURNIEJ Z OKAZJI SWIETA NIEPODLEGLOSCI - BLITZ 3'+2'' "]
[Site "Szczyrk"]
[Date "2018-11-11"]
[Round "7.57"]
[White "Niedorys, Karolina "]
[Black "Majdecka, Nikola "]
[Result "1-0"]
[WhiteTitle ""]
[BlackTitle ""]
[WhiteElo "1141"]
[BlackElo "1267"]

1. e4 e5 2. Nf3 Nc6 3. Bb5 a6 4. Bxc6 dxc6 5. d3 Bg4 6. h3 Bh5 7. O-O Qf6 8. Nc3
Bc5 9. Qe2 O-O-O 10. Be3 Bxe3 11. Qxe3 Kb8 12. Rfd1 h6 13. d4 exd4 14. Rxd4 Rxd4
15. Qxd4 Qg6 16. Qd8+ Ka7 17. Qd4+ Kb8 18. Qd8+ Ka7 19. Qd4+ b6 20. Ne5 Qg5 21.
Nxc6+ Kb7 22. Qd5 Qxd5 23. exd5 Nf6 24. Ne5 Re8 25. Nf3 Ne4 26. Re1 f5 27. Nd4
g5 28. f3 Nxc3 29. Rxe8 Nxa2 30. Rh8 Nb4 31. Rxh6 Be8 32. Rh8 Bf7 33. c4 Nd3 34.
Rf8 Bg6 35. Rg8 Bf7 36. Rxg5 Nxb2 37. Rxf5 Bg6 38. Rf6 Bd3 39. Rf7 Bxc4 40. d6
Bxf7 41. dxc7 Kxc7 42. Kf2 Kd6 43. h4 a5 44. h5 a4 45. h6 Bg8 46. Nf5+ Ke6 47.
Nd4+ Ke5 48. Nc2 Kd4 49. g4+ Kc3 50. Na3 Kb3 51. Nb5 Kb4 52. Nd4 a3 53. Nc2+ Kb3
54. Nxa3 Kxa3 55. g5 Nd3+ 56. Ke3 Nc5 57. g6 Ne6 58. h7 Bxh7 59. gxh7 Ng7 60.
h8=Q b5 61. Qxg7 b4 62. Qe7 Ka4 63. Qe4 Ka3 64. Qa8+ Kb3 65. Kd3 Kb2 66. Qb7 b3
67. Kc4 Kb1 68. Qxb3+ Ka1 69. Qb4 Ka2 70. Kc3 Ka1 71. Qb2# 1-0

[Event "SZCZYRK OPEN - TURNIEJ Z OKAZJI SWIETA NIEPODLEGLOSCI - BLITZ 3'+2'' "]
[Site "Szczyrk"]
[Date "2018-11-11"]
[Round "7.58"]
[White "Lewicka, Joanna"]
[Black "Szwacinska, Wiktoria "]
[Result "1-0"]
[WhiteTitle ""]
[BlackTitle ""]
[WhiteElo "1260"]
[BlackElo "1117"]

1. e4 e5 2. Nf3 Nc6 3. Bc4 h6 4. c3 Bc5 5. d4 exd4 6. cxd4 Bb4+ 7. Bd2 Bxd2+ 8.
Nbxd2 d6 9. O-O Nf6 10. h3 O-O 11. d5 Ne7 12. Re1 Bd7 13. Qb3 b6 14. Ba6 Ng6 15.
Rac1 Re8 16. Qc3 Nxe4 17. Rxe4 Rxe4 18. Nxe4 Bf5 19. Ng3 Bxh3 20. gxh3 Qd7 21.
Kg2 Nf4+ 22. Kg1 Qxh3 23. Ne1 Qg4 24. Qe3 1-0